00650cam a2200193 a 4500020003100000020002800031040000900059082002700068245008200095250001200177260007800189300004900267490003100316500003500347650001600382650002100398650001500419700002200434 a9780896292086 (alk. paper) a0896292088 (alk. paper) cDNAL00a635 INT 2013 C145 Or.00aSouthern African agriculture and climate change :ba comprehensive analysis / a1st ed. aWashington, D.C. :bInternational Food Policy Research Institute,cc2013. axxx, 337 p. :bill. (chiefly col.) ;c23 cm.1 aClimate change in Africa ; a"A peer-reviewed publication." 0aAgriculture 0aClimatic changes 0aFood crops1 aHachigonta, Sepo.